ARRUPE JESUIT UNIVERSITY

CORONAVIRUS -STOP THE SPREAD - CLEAN,DISINFECT,COVER

The common expositor : (Record no. 130365)

MARC details
000 -LEADER
fixed length control field 00895cam a22002651a 4500
001 - CONTROL NUMBER
control field 7883996
003 - CONTROL NUMBER IDENTIFIER
control field ARRUPE
005 - DATE AND TIME OF LATEST TRANSACTION
control field 20200217095120.0
008 - FIXED-LENGTH DATA ELEMENTS--GENERAL INFORMATION
fixed length control field 860402s1948 ncuabh b 001 0 eng
010 ## - LIBRARY OF CONGRESS CONTROL NUMBER
LC control number 48007411
035 ## - SYSTEM CONTROL NUMBER
System control number (OCoLC)20648686
040 ## - CATALOGING SOURCE
Original cataloging agency DLC
Transcribing agency RPB
Modifying agency OTU
-- OCoLC
-- DLC
042 ## - AUTHENTICATION CODE
Authentication code premarc
050 00 - LIBRARY OF CONGRESS CALL NUMBER
Classification number BS1235
Item number .W52
082 ## - DEWEY DECIMAL CLASSIFICATION NUMBER
Classification number 222.11
300 ## - PHYSICAL DESCRIPTION
Other physical details ill., facsims., maps ;
Dimensions 23 cm.
100 1# - MAIN ENTRY--PERSONAL NAME
Personal name Williams, Arnold,
Dates associated with a name 1907-1992.
9 (RLIN) 49536
245 14 - TITLE STATEMENT
Title The common expositor :
Remainder of title an account of the commentaries on Genesis, 1527-1633 /
Statement of responsibility, etc by Arnold Williams.
260 ## - PUBLICATION, DISTRIBUTION, ETC. (IMPRINT)
Place of publication, distribution, etc Chapel Hill :
Name of publisher, distributor, etc University of North Carolina Press,
Date of publication, distribution, etc c1948.
300 ## - PHYSICAL DESCRIPTION
Extent ix, 297 p. :
500 ## - GENERAL NOTE
General note Includes index.
504 ## - BIBLIOGRAPHY, ETC. NOTE
Bibliography, etc Bibliography: p. 269-282.
630 00 - SUBJECT ADDED ENTRY--UNIFORM TITLE
Uniform title Bible.
Name of part/section of a work Genesis
General subdivision Criticism, interpretation, etc.
9 (RLIN) 2811
906 ## - LOCAL DATA ELEMENT F, LDF (RLIN)
a 7
b cbc
c oclcrpl
d u
e ncip
f 19
g y-gencatlg
942 ## - ADDED ENTRY ELEMENTS (KOHA)
Source of classification or shelving scheme Library of Congress Classification
Koha item type Monograph ( Printed materials)
Holdings
Withdrawn status Lost status Source of classification or shelving scheme Damaged status Not for loan Collection code Home library Current library Shelving location Date acquired Total Checkouts Full call number Barcode Date last seen Price effective from Koha item type
    Library of Congress Classification     Main Collection ARRUPE LIBRARY ARRUPE LIBRARY Main Collection 17/02/2020   BS1235 .W52 46600006384 17/02/2020 17/02/2020 Monograph ( Printed materials)

 

Arrupe Library. PO Box MP320 Mt Pleasant, Harare, Zimbabwe
263 242 745411|librarian@aju.ac.zw